Fundamentos de antenas

I tiakina i:
Ngā taipitopito rārangi puna kōrero
Kaituhi matua: Belotserkovski (Author)
Hōputu: Pukapuka
Reo:Pāniora
I whakaputaina: Barcelona Marcombo 1977
Ngā marau:
Ngā Tūtohu: Tāpirihia he Tūtohu
Kāore He Tūtohu, Me noho koe te mea tuatahi ki te tūtohu i tēnei pūkete!

MARC

LEADER 00000nam a2200000 a 4500
001 UCU5808
003 CL-VaPUC
008 960614e19770000SP |||||||||||||||||spa|d
082 0 4 |a 621.382  |b BEL  |2 21 
100 0 |a Belotserkovski  |e author  |9 363819 
245 1 0 |a Fundamentos de antenas 
300 |a 375 p 
942 |c BK 
945 |d 19960614 00:00:00  |a cmena 
260 |a Barcelona  |b Marcombo  |c 1977 
650 0 |a Antenas  |9 263309 
650 0 |a Tecnología electrónica  |9 334386 
650 0 |a Propagación de ondas  |9 263256 
650 7 |a TRANSMISORES  |2 CL-VaPUC  |9 363820 
650 7 |a EQUIPO DE TELECOMUNICACION  |2 CL-VaPUC  |9 363233 
650 0 |a Ondas de radio  |9 263255 
583 |a last modification  |c 19960614 00:00:00  |k Rodrigo Vera 
999 |c 248993  |d 248991 
952 |0 0  |1 0  |4 0  |6 621_382000000000000_BEL_1977  |7 0  |8 A  |9 265981  |a BIBING  |b BIBING  |d 2019-11-19  |i 1679430  |o 621.382 BEL 1977  |p 1679430  |r 2025-01-20  |w 2019-11-19  |y BK  |k EIE